Sports Quiz

Random Sports Quiz

NHL teams with 50+ wins in a season since 1980 Quiz Stats

Quiz not verified by Sporcle

Challenge
Share
Tweet
Embed
Score 0/67 Timer 10:00
0 Plays Today
Hint Answer % Correct
2017 55 winsWashington Capitals
100%
2017 50 winsPittsburgh Penguins
100%
2017 50 winsColumbus Blue Jackets
100%
2017 50 winsChicago Blackhawks
100%
2016 56 winsWashington Capitals
88.2%
1994 52 winsNew York Rangers
76.5%
2016 50 winsDallas Stars
70.6%
1986 56 winsEdmonton Oilers
70.6%
1985 53 winsPhiladelphia Flyers
70.6%
1984 50 winsNew York Islanders
70.6%
1984 57 winsEdmonton Oilers
70.6%
1982 54 winsNew York Islanders
70.6%
2015 50 winsMontreal Canadiens
64.7%
2010 54 winsWashington Capitals
64.7%
1996 62 winsDetroit Red Wings
64.7%
1993 51 winsBoston Bruins
64.7%
1993 56 winsPittsburgh Penguins
64.7%
1989 53 winsMontreal Canadiens
64.7%
1989 54 winsCalgary Flames
64.7%
1987 50 winsEdmonton Oilers
64.7%
1986 53 winsPhiladelphia Flyers
64.7%
1983 50 winsBoston Bruins
64.7%
2015 50 winsTampa Bay Lightning
58.8%
2015 53 winsNew York Rangers
58.8%
2014 54 winsBoston Bruins
58.8%
2014 51 winsPittsburgh Penguins
58.8%
2012 51 winsNew York Rangers
58.8%
2012 51 winsPittsburgh Penguins
58.8%
2011 54 winsVancouver Canucks
58.8%
2010 52 winsChicago Blackhawks
58.8%
2006 58 winsDetroit Red Wings
58.8%
1999 51 winsDallas Stars
58.8%
1992 50 winsNew York Rangers
58.8%
2014 52 winsColorado Avalanche
52.9%
Hint Answer % Correct
2014 51 winsSan Jose Sharks
52.9%
2012 51 winsVancouver Canucks
52.9%
2010 51 winsSan Jose Sharks
52.9%
2006 52 winsOttawa Senators
52.9%
2006 53 winsDallas Stars
52.9%
2001 52 winsColorado Avalanche
52.9%
2000 51 winsSt Louis Blues
52.9%
1986 50 winsWashington Capitals
52.9%
2015 51 winsSt Louis Blues
47.1%
2015 51 winsAnaheim Ducks
47.1%
2009 53 winsBoston Bruins
47.1%
2009 50 winsWashington Capitals
47.1%
2008 54 winsDetroit Red Wings
47.1%
2007 53 winsBuffalo Sabres
47.1%
2006 52 winsBuffalo Sabres
47.1%
2003 52 winsOttawa Senators
47.1%
2002 51 winsDetroit Red Wings
47.1%
2014 52 winsSt Louis Blues
41.2%
2014 54 winsAnaheim Ducks
41.2%
2009 51 winsNew Jersey Devils
41.2%
2009 53 winsSan Jose Sharks
41.2%
2007 51 winsNashville Predators
41.2%
2007 51 winsSan Jose Sharks
41.2%
2007 50 winsDallas Stars
41.2%
2006 52 winsCarolina Hurricanes
41.2%
2010 50 winsPhoenix Coyotes
35.3%
2009 51 winsDetroit Red Wings
35.3%
2007 50 winsDetroit Red Wings
35.3%
2018 54 winsTampa Bay Lightning
0%
2018 50 wins Boston Bruins
0%
2018 53 winsNashville Predators
0%
2018 52 winsWinnipeg Jets
0%
2018 51 winsLas Vegas Golden Knights
0%

You're not logged in!

Compare scores with friends on all Sporcle quizzes.
Join for Free
OR
Log In

You Might Also Like...

Show Comments

Extras

Created Sep 1, 2016ReportNominate
Tags:NHL Points

Top Quizzes Today


Score Distribution

Your Account Isn't Verified!

In order to create a playlist on Sporcle, you need to verify the email address you used during registration. Go to your Sporcle Settings to finish the process.

Report this User

Report this user for behavior that violates our Community Guidelines.

Details: